Растворимость лактида в органических растворителях; Химия и химическая технология в XXI веке

Bibliographische Detailangaben
Parent link:Химия и химическая технология в XXI веке.— 2016.— [С. 606-607]
1. Verfasser: Колегов В. А.
Körperschaft: Национальный исследовательский Томский политехнический университет (ТПУ) Институт природных ресурсов (ИПР) Кафедра технологии органических веществ и полимерных материалов (ТОВПМ)
Weitere Verfasser: Лукьянов А. Е. (научный руководитель), Новиков В. Т. Виктор Тимофеевич
Zusammenfassung:Заглавие с экрана
Sprache:Russisch
Veröffentlicht: 2016
Schriftenreihe:Химия и химическая технология (для школьников)
Schlagworte:
Online-Zugang:http://earchive.tpu.ru/handle/11683/30858
Format: MixedMaterials Elektronisch Buchkapitel
KOHA link:https://koha.lib.tpu.ru/cgi-bin/koha/opac-detail.pl?biblionumber=619034

MARC

LEADER 00000naa2a2200000 4500
001 619034
005 20240117161109.0
035 |a (RuTPU)RU\TPU\conf\17427 
035 |a RU\TPU\conf\17426 
090 |a 619034 
100 |a 20160625d2016 k y0rusy50 ca 
101 0 |a rus 
102 |a RU 
105 |a y z 101zy 
135 |a drcn ---uucaa 
181 0 |a i  
182 0 |a b 
200 1 |a Растворимость лактида в органических растворителях  |f В. А. Колегов, А. Е. Лукьянов  |g науч. рук. В. Т. Новиков 
203 |a Текст  |c электронный 
225 1 |a Химия и химическая технология (для школьников) 
300 |a Заглавие с экрана 
320 |a [Библиогр.: с. 607 (6 назв.)] 
463 0 |0 (RuTPU)RU\TPU\conf\17060  |t Химия и химическая технология в XXI веке  |o материалы XVII Международной научно-практической конференции студентов и молодых ученых имени профессора Л.П. Кулёва, посвященной 120-летию Томского политехнического университета, 17–20 мая 2016 г., г. Томск  |f Национальный исследовательский Томский политехнический университет (ТПУ) ; Институт природных ресурсов (ИПР) ; Институт физики высоких технологий (ИФВТ) ; Физико-технический институт (ФТИ) ; Сибур-Холдинг  |v [С. 606-607]  |d 2016 
610 1 |a труды учёных ТПУ 
610 1 |a электронный ресурс 
610 1 |a биоразлагаемые полимеры 
610 1 |a 3D-принтеры 
610 1 |a биоразлагаемые полимеры 
610 1 |a лактиды 
610 1 |a молочная кислота 
700 1 |a Колегов  |b В. А. 
701 1 |a Лукьянов  |b А. Е. 
702 1 |a Новиков  |b В. Т.  |c химик  |c доцент Томского политехнического университета, кандидат химических наук  |f 1946-  |g Виктор Тимофеевич  |4 727  |9 13515 
712 0 2 |a Национальный исследовательский Томский политехнический университет (ТПУ)  |b Институт природных ресурсов (ИПР)  |b Кафедра технологии органических веществ и полимерных материалов (ТОВПМ)  |3 (RuTPU)RU\TPU\col\18659 
801 2 |a RU  |b 63413507  |c 20160926  |g RCR 
856 4 |u http://earchive.tpu.ru/handle/11683/30858 
942 |c BK